[Event "Pearl Spring"]
[Site "Nanjing CHN"]
[Date "2008.12.12"]
[Round "2"]
[White "Svidler, P."]
[Black "Movsesian, S."]
[Result "0-1"]
[WhiteElo "2727"]
[BlackElo "2732"]
[PlyCount "94"]
[EventDate "2008.12.11"]

1. e4 c5 2. Nf3 d6 3. d4 cxd4 4. Nxd4 Nf6 5. Nc3 e6 6. Be2 Be7 7. O-O O-O 8. f4
Nc6 9. Be3 e5 10. Nxc6 bxc6 11. Kh1 exf4 12. Bxf4 Be6 13. Bf3 Qb8 $146 {New
move by Movsesian.} (13... Qb6 14. b3 Rfd8 15. Qe1 Nd7 16. Nd5 cxd5 17. exd5
Bg4 18. Qxe7 Bxf3 19. Rxf3 Nf6 20. Be3 Qa5 21. Rxf6 gxf6 22. Qxf6 Re8 23. Qg5+
Kf8 24. Bd2 {1-0 Kamsky,G (2671)-Svidler,P (2743)/Sofia 2006/CBM 113}) 14. b3
Qb4 15. Qd2 Rfd8 16. Rad1 Rac8 17. Qe3 d5 18. Be5 Qa5 19. exd5 Nxd5 20. Nxd5
cxd5 21. Bh5 d4 22. Qe4 g6 23. Bf3 Bf5 24. Qf4 Bg5 25. Qxg5 Qxe5 26. Bg4 h6 27.
Rxf5 Qg7 28. Qe7 gxf5 29. Bxf5 Re8 30. Qd6 Rcd8 31. Qa6 Qg5 32. Bd3 Re7 33. Rf1
Kg7 34. g3 Qd5+ 35. Kg1 Rd6 36. Qc8 Qe6 37. Qb8 Rb6 38. Qd8 Rd6 39. Qb8 Rd5 40.
Rf4 Rg5 41. Rf3 Qe5 42. Qd8 (42. Qxe5+ Rgxe5 43. Rf4) 42... h5 43. Rf2 Re6 44.
Qd7 Rf6 45. Re2 Qf4 46. Re4 (46. Re8 Qf2+ 47. Kh1 Qf3+ 48. Kg1 Rxg3+ 49. hxg3
Qxg3+ 50. Kh1 Rf4 51. Re4 Rxe4 52. Bxe4 Qe1+ 53. Kh2 Qxe4) 46... Qf2+ 47. Kh1
h4 0-1